El manuscrito borges /
Guardado en:
| Autor Principal: | |
|---|---|
| Formato: | Libro |
| Publicado: |
Buenos Aires :
Ediciones B,
2006
|
| Materias: | |
| Etiquetas: |
Agregar Etiqueta
Sin Etiquetas, Sea el primero en etiquetar este registro!
|
| LEADER | 00564nam a22002055a 4500 | ||
|---|---|---|---|
| 001 | CEM.cems014094 | ||
| 005 | 20130918161520.0 | ||
| 008 | 130507s2006##################000#0#####d | ||
| 003 | CEMS | ||
| 020 | |a 9871222319 | ||
| 082 | 0 | 4 | |a A863.4 |
| 100 | 1 | |a Vaccaro, Alejandro | |
| 245 | 1 | 0 | |a El manuscrito borges / |c Alejandro Vaccaro |
| 260 | |a Buenos Aires : |b Ediciones B, |c 2006 | ||
| 300 | |a 272 p. | ||
| 653 | |a Literatura argentina | ||
| 653 | |a Narración | ||
| 653 | |a Novela | ||
| 653 | |a Novela policial | ||
| 859 | |a CEMS |b BIB. CEMS - 11 de abril |h A863.4 |i V133 |p 26719.13 |t Ej.1 | ||
